000 00304nam a2200133Ia 4500
100 _aGhadyalji/Vaishali K
650 _aCommunication Skill
942 _cBK
245 _aCommunication Skill
260 _bNandu Book House
_aMumbai
_c2009
082 _a372.6/GHA
_bGHA
546 _aENGLISH
999 _c30214
_d30214